Environmental systems : philosophy, analysis and control
Αποθηκεύτηκε σε:
| Κύριος συγγραφέας: | |
|---|---|
| Άλλοι συγγραφείς: | |
| Μορφή: | Βιβλίο |
| Γλώσσα: | English |
| Δημοσίευση: |
Princeton :
Princeton University Press,
c1978
|
| Θέματα: | |
| Ετικέτες: |
Προσθήκη ετικέτας
Δεν υπάρχουν, Καταχωρήστε ετικέτα πρώτοι!
|
MARC
| LEADER | 00000cam a2200000 i 4500 | ||
|---|---|---|---|
| 001 | 1/70968 | ||
| 008 | 970509s1978 eng d | ||
| 020 | |a 0-691-08217-0 | ||
| 035 | |l 10002646 | ||
| 040 | |a GR-MY-UA |b gre |e aacr | ||
| 041 | 0 | |a eng | |
| 082 | 0 | |a 304.2028 | |
| 100 | 1 | |a Bennett, Robert John. | |
| 245 | 1 | 0 | |a Environmental systems : |b philosophy, analysis and control / |c R. J. Bennett and R. J. Chorley |
| 260 | |a Princeton : |b Princeton University Press, |c c1978 | ||
| 300 | |a xii, 624 p.; |c 25 cm | ||
| 504 | |a Bibliography: p. [566]-598. Includes index | ||
| 650 | 0 | 0 | |a Human ecology. |
| 700 | 1 | |a Chorley, Richard J. | |
| 852 | |a INST |b LESVOS |e 19970509 |h 304.2028 BEN |p 005100011333 |q 005100011333 |t BK |y 0 | ||
| 909 | |a Λ |b 01831 | ||